000 00607cam a22002173a 4500
001 45404
003 PGUSA
005 20140828084041.0
008 140415s2014||||xxu|||||s|||||000 | eng d
040 _aPGUSA
_beng
042 _adc
100 1 _aGünther, Johann Christian
245 1 0 _aLeonorenlieder
_h[electronic resource] /
_cJohann Christian Günther
260 _bProject Gutenberg,
_c2014
506 _aPublic domain in the USA.
516 _aElectronic text
700 1 _aHöfer, Conrad
830 0 _aProject Gutenberg
_v45404
856 4 0 _uhttp://www.gutenberg.org/ebooks/45404
942 _cEB
999 _c274655
_d274655